| 000 | 00739nam a2200265Ia 4500 | ||
|---|---|---|---|
| 003 | OSt | ||
| 005 | 20221006153318.0 | ||
| 006 | a|||||r|||| 00| 0 | ||
| 007 | ta | ||
| 008 | 221006b |||||||| |||| 00| 0 kor d | ||
| 020 | _cW 8,000 | ||
| 024 | _a31,958 | ||
| 037 |
_bGift, Korean Embassy _cTextual |
||
| 040 |
_aEASL _cEASL _bkor |
||
| 041 |
_2kor _akor |
||
| 082 | _aO495,4x, P4 | ||
| 100 |
_aKIM Thae-Soo Au. _9663404 |
||
| 245 | 0 | _aHanguk jayeon-ui hakhoe | |
| 260 |
_aSeoul _bSaeroun Saram-deul Korea _c2004 |
||
| 300 |
_a279p. _ccm. |
||
| 490 | _v KL | ||
| 650 |
_aEssays on Korean nature _9663405 |
||
| 942 |
_hO495,4x, P4 _cTEXL _2CC |
||
| 999 |
_c1100044 _d1100044 |
||